Statistics for NBA 2013 Playoffs Starters

Click here to take the quiz!

General Stats

  • This quiz has been taken 474 times
    (439 since last reset)
  • The average score is 50 of 80

Answer Stats

TeamPlayer% Correct
HeatDwyane Wade
100%
HeatLeBron James
100%
HeatChris Bosh
97%
ThunderKevin Durant
97%
PacersDavid West
96%
RocketsJames Harden
96%
KnicksCarmelo Anthony
95%
SpursTim Duncan
94%
SpursTony Parker
94%
ClippersChris Paul
93%
SpursDanny Green
93%
CelticsJeff Green
93%
GrizzliesMarc Gasol
93%
LakersPau Gasol
93%
WarriorsStephen Curry
93%
CelticsKevin Garnett
91%
PacersPaul George
91%
ClippersBlake Griffin
89%
CelticsPaul Pierce
89%
GrizzliesTony Allen
89%
ClippersDeAndre Jordan
88%
WarriorsKlay Thompson
88%
HeatMario Chalmers
88%
BullsJoakim Noah
86%
SpursKawhi Leonard
86%
GrizzliesMike Conley
83%
HawksAl Horford
80%
LakersDwight Howard
80%
ThunderSerge Ibaka
80%
NetsDeron Williams
79%
NetsBrook Lopez
77%
HawksJosh Smith
77%
ThunderKendrick Perkins
76%
GrizzliesZach Randolph
76%
ClippersCaron Butler
75%
BullsJimmy Butler
75%
PacersRoy Hibbert
74%
NetsJoe Johnson
73%
WarriorsAndrew Bogut
71%
PacersGeorge Hill
71%
LakersSteve Nash
71%
HawksJeff Teague
70%
KnicksTyson Chandler
67%
NuggetsWilson Chandler
67%
SpursTiago Splitter
61%
BullsCarlos Boozer
60%
BucksMonta Ellis
59%
WarriorsJarrett Jack
57%
HeatUdonis Haslem
57%
PacersLance Stephenson
56%
ThunderReggie Jackson
55%
NuggetsAndre Iguodala
54%
WarriorsHarrison Barnes
53%
LakersRon Artest
53%
ThunderThabo Sefolosha
53%
BucksBrandon Jennings
50%
RocketsPatrick Beverley
50%
NuggetsTy Lawson
50%
NuggetsKenneth Faried
43%
BullsNate Robinson
39%
CelticsAvery Bradley
37%
KnicksRaymond Felton
37%
BucksErsan İlyasova
34%
CelticsBrandon Bass
33%
KnicksIman Shumpert
33%
RocketsChandler Parsons
31%
NetsGerald Wallace
30%
HawksDevin Harris
29%
BucksLarry Sanders
29%
ClippersChauncey Billups
25%
RocketsOmer Asik
23%
GrizzliesTayshaun Prince
21%
NetsReggie Evans
16%
LakersSteve Blake
16%
BucksLuc Mbah a Moute
15%
NuggetsEvan Fournier
14%
KnicksPablo Prigioni
13%
BullsMarco Belinelli
9%
RocketsFrancisco García
7%
HawksJohan Petro
6%

Score Distribution

Percentile by Number Answered

Percent of People with Each Score

Your Score History

You have not taken this quiz since the last reset